000 00687nam a2200253Ia 4500
003 OSt
005 20220926014835.0
006 a|||||r|||| 00| 0
007 ta
008 220923b |||||||| |||| 00| 0 eng d
020 _a0853453802
037 _cGeneral Book
040 _aRTL
_cRTL
_beng
041 _2eng
_aeng
082 _aX:3L, L6
100 _aAmin Samir
_9124528
245 0 _aUnequal development Tr of Le Development inegal by
260 _aNew York
_bMonthly Review Press
_c1976
300 _a440p
_ccm.
500 _aBibliography: P 387-417
650 _aWages
_9229845
942 _hX:3L, L6
_cGB
_2CC
999 _c629983
_d629983